Statistics for French Colors

Click here to take the quiz!

General Stats

  • This quiz has been taken 135 times
  • The average score is 16 of 30

Answer Stats

EnglishFrench% Correct
redrouge
98%
bluebleu / bleue
95%
whiteblanc / blanche
93%
blacknoir / noire
91%
greenvert / verte
91%
orangeorange
90%
pinkrose
88%
graygris / grise
83%
yellowjaune
81%
purpleviolet / violette
76%
brownmarron
69%
blond (hair)blond / blonde
64%
brown (hair)brun / brune
62%
silverargenté / argentée
41%
sky bluebleu ciel
41%
light bluebleu clair
40%
goldendoré / dorée
40%
the colorla couleur
40%
salmonsaumon
38%
lime greenvert citron
38%
dark bluebleu foncé
33%
lavenderlavande
31%
hot pinkrose chaud
31%
red (hair)roux / rousse
31%
pale greenvert pâle
31%
navy bluebleu marine
29%
maroonbordeaux
14%
hazelnoisette
14%
sea greenvert d'eau
7%
ultramarinebleu outremer
5%

Score Distribution

Percentile by Number Answered

Percent of People with Each Score

Your Score History

You have not taken this quiz